Globális partnerség Afrikával - a fejlődés lehetőségei

Bibliográfiai részletek
Szerző: Borbély Dorothy
További közreműködők: Vándor Dr. János
Dokumentumtípus: Diplomadolgozat
Kulcsszavak:Afrika
Globális partnerség
Fejlődés
Európai Unió
Online Access:http://dolgozattar.uni-bge.hu/16331

MARC

LEADER 00000nta a2200000 i 4500
001 dolg16331
005 20200513060012.0
008 180514suuuu hu om 000 hun d
040 |a BGE Dolgozattár Repozitórium  |b hun 
041 |a hu 
100 1 |a Borbély Dorothy 
245 1 0 |a Globális partnerség Afrikával - a fejlődés lehetőségei  |c Borbély Dorothy  |h [elektronikus dokumentum] 
695 |a Afrika 
695 |a Globális partnerség 
695 |a Fejlődés 
695 |a Európai Unió 
700 1 |a Vándor Dr. János  |e ths 
856 4 0 |u http://dolgozattar.uni-bge.hu/16331/1/SZAKDOLGOZAT2018DOROTHY_BGE%20_v%C3%A9glegesss-2.pdf  |z Dokumentum-elérés